000 00693nam a2200205Ii 4500
003 JO-AjNU
008 230605s9999||||xx |||||||||||||| ||und||
017 _a1994/11/1190
040 _aJO-AjNU
_bara
_erda
_cJO-AjNU
041 _aara
050 1 4 _aPN1991.8.F7248 1994
100 3 _aفرايليش،سيمون ؛ ترجمة غازي منافيجي,
_eauthor
_917456
245 0 0 _aالدراما السينمائية
264 3 1 _aدمشق: وزارة الثقافة، 1994
300 _a157ص
336 _atext
_btxt
_2rdacontent
337 _aunmediated
_bn
_2rdamedia
338 _avolume
_bnc
_2rdacarrier
650 4 _aالأدب العربي - الدراما السينمائية
_917457
999 _aA5394
_c8962
_d8962